ব্যবস্থাপনায় গবেষণা পদ্ধতি / (Record no. 53565)
[ view plain ]
| 000 -LEADER | |
|---|---|
| fixed length control field | 01213nam a2200265 a 4500 |
| 001 - CONTROL NUMBER | |
| control field | 53565 |
| 003 - CONTROL NUMBER IDENTIFIER | |
| rucl marc code | BD-RjUL |
| 005 - DATE AND TIME OF LATEST TRANSACTION | |
| control field | 20211209080002.0 |
| 008 - FIXED-LENGTH DATA ELEMENTS--GENERAL INFORMATION | |
| fixed length control field | 161017s2006 bg ||||| |||| 00| 0 ben d |
| 020 ## - INTERNATIONAL STANDARD BOOK NUMBER | |
| International Standard Book Number | 9848090266 |
| Terms of availability | : Tk. 300.00 |
| 035 ## - SYSTEM CONTROL NUMBER | |
| System control number | (BD-RjUL)53687 |
| 040 ## - CATALOGING SOURCE | |
| Original cataloging agency | BD-RjUL |
| Language of cataloging | ben |
| Transcribing agency | BD-RjUL |
| Modifying agency | BD-RjUL |
| 041 ## - LANGUAGE CODE | |
| Language code of text/sound track or separate title | ben |
| 082 ## - DEWEY DECIMAL CLASSIFICATION NUMBER | |
| Edition number | 23 |
| Classification number | 658.00721 |
| Author mark and year | KHB 2006 |
| 100 ## - MAIN ENTRY--PERSONAL NAME | |
| Personal name | খান, মু. আমীরুজ জামান |
| 9 (RLIN) | 160075 |
| 245 10 - TITLE STATEMENT | |
| Title | ব্যবস্থাপনায় গবেষণা পদ্ধতি / |
| Statement of responsibility, etc. | মু. আমীরুজ জামান খান |
| 260 ## - PUBLICATION, DISTRIBUTION, ETC. (IMPRINT) | |
| Place of publication, distribution, etc. | ঢাকা : |
| Name of publisher, distributor, etc. | বাংলাদেশ বিশ্ববিদ্যালয় মঞ্জুরী কমিশন, |
| Date of publication, distribution, etc. | ২০০৬. |
| 300 ## - PHYSICAL DESCRIPTION | |
| Pagination | ৩২৩ পৃ. : |
| Illustrations | চিত্র ; |
| Size | ২৩ সেমি. |
| 490 ## - SERIES STATEMENT | |
| Series statement | বিমক প্রকাশনা ; |
| Volume/sequential designation | নং ৯৬ |
| 504 ## - BIBLIOGRAPHY, ETC. NOTE | |
| Bibliography, etc | গ্রন্থপঞ্জি সংযুক্ত |
| 650 ## - SUBJECT ADDED ENTRY--TOPICAL TERM | |
| Topical term or geographic name as entry element | ব্যবস্থাপনা |
| General subdivision | গবেষণা পদ্ধতি |
| 9 (RLIN) | 181943 |
| Topical term or geographic name as entry element | Management |
| General subdivision | Research Methodology |
| 9 (RLIN) | 181944 |
| 830 ## - SERIES ADDED ENTRY--UNIFORM TITLE | |
| Uniform title | বিমক প্রকাশনা ; |
| Volume number/sequential designation | নং ৯৬ |
| 942 ## - ADDED ENTRY ELEMENTS (KOHA) | |
| Source of classification or shelving scheme | Dewey Decimal Classification |
| Koha item type | Books |
| Lost status | Source of classification or shelving scheme | Damaged status | Not for loan | Collection code | Permanent Location | Current Location | Shelving location | Date acquired | Source of acquisition | Total Checkouts | Full call number | Date last seen | Copy number | Koha item type |
|---|---|---|---|---|---|---|---|---|---|---|---|---|---|---|
| Dewey Decimal Classification | Non-fiction | Central Library, University of Rajshahi | Central Library, University of Rajshahi | 11/11/2007 | Authors, Rajshahi | B 658.00721 KHB 2006 | 17/10/2016 | C-2 | Books | |||||
| Dewey Decimal Classification | Not For Loan | Non-fiction | Central Library, University of Rajshahi | Central Library, University of Rajshahi | Reading Room | 11/11/2007 | Rajshahi, Authors | B 658.00721 KHB 2006 | 24/12/2016 | C-1 | Books |